[Event "NATO-ch 34th"]
[Site "Rhodes"]
[Date "2024.10.24"]
[Round "5"]
[White "Dekker, Ard E"]
[Black "Onley, David E"]
[Result "0-1"]
[WhiteElo "1963"]
[BlackElo "2040"]
[PlyCount "88"]
[EventDate "2024.10.21"]
[EventType "swiss"]
[EventRounds "7"]
[EventCountry "GRE"]
[SourceTitle "CB44_2024"]
[Source "Chessbase"]
[SourceDate "2024.10.30"]
[SourceVersion "1"]
[SourceVersionDate "2024.10.30"]
[SourceQuality "1"]

1. c4 f5 2. g3 Nf6 3. Bg2 e6 4. d3 Be7 5. Nc3 0-0 6. e4 fxe4 7. dxe4 e5 8. Nf3 Bb4 9. Bd2 d6 10. 0-0 a5 11. a3 Bc5 12. Qe2 Nc6 13. Qd3 h6 14. Be3 Nd7 15. Rab1 a4 16. Rbc1 Bxe3 17. Qxe3 Nc5 18. Rfe1 Be6 19. Nd2 Nd4 20. Ne2 Nxe2+ 21. Rxe2 Qd7 22. f4 exf4 23. gxf4 Rae8 24. Rf2 b5 25. Qd4 Bh3 26. Bxh3 Qxh3 27. Rc3 Qh5 28. Rg3 Ne6 29. Qc3 Qc5 30. f5 Nd4 31. Kf1 Re5 32. Rfg2 Rf7 33. cxb5 Qxb5+ 34. Rd3 Nb3 35. Nxb3 axb3 36. Kg1 Rxe4 37. f6 Rc4 38. Qxb3 Qc5+ 39. Kf1 Rxf6+ 40. Ke2 Kh7 41. Qd1 Rc2+ 42. Rd2 Qe5+ 43. Kd3 Qf5+ 44. Ke3 Re6+ 0-1

[Event "NATO-ch 33rd"]
[Site "Portoroz"]
[Date "2023.09.05"]
[Round "3"]
[White "Frontini, Yuri Diego"]
[Black "Dekker, Ard E"]
[Result "1/2-1/2"]
[WhiteElo "2050"]
[BlackElo "1933"]
[PlyCount "44"]
[EventDate "2023.09.04"]
[EventType "swiss"]
[EventRounds "7"]
[EventCountry "SLO"]
[SourceTitle "CBM 216 Extra"]
[Source "ChessBase"]
[SourceDate "2023.11.30"]
[SourceVersion "1"]
[SourceVersionDate "2023.11.30"]
[SourceQuality "1"]

1. e4 c6 2. d4 d5 3. e5 c5 4. dxc5 Nc6 5. Bb5 e6 6. b4 Bd7 7. Bxc6 Bxc6 8. Qd3 Ne7 9. Nc3 a6 10. Bd2 d4 11. Ne4 Ng6 12. Nf3 Qd5 13. Nd6+ Bxd6 14. exd6 e5 15. c4 dxc3 16. Qxc3 0-0 17. Qb3 Qe4+ 18. Qe3 Qg4 19. Qg5 Bxf3 20. gxf3 Qxf3 21. 0-0 f6 22. Qg3 Qc6 1/2-1/2

[Event "NATO-ch 32nd"]
[Site "Tartu"]
[Date "2022.06.30"]
[Round "5"]
[White "Dekker, Ard E"]
[Black "Onley, David E"]
[Result "1/2-1/2"]
[WhiteElo "1932"]
[BlackElo "2083"]
[PlyCount "37"]
[EventDate "2022.06.27"]
[EventType "swiss"]
[EventRounds "7"]
[EventCountry "EST"]
[SourceTitle "CBM 209 Extra"]
[Source "ChessBase"]
[SourceDate "2022.09.30"]
[SourceVersion "1"]
[SourceVersionDate "2022.09.30"]
[SourceQuality "1"]

1. d4 Nf6 2. Nf3 g6 3. g3 Bg7 4. Bg2 0-0 5. 0-0 d6 6. c4 Nbd7 7. Nc3 e5 8. e4 Re8 9. h3 a5 10. Be3 a4 11. Qc2 c6 12. Rfe1 Qa5 13. Rad1 h6 14. Kh2 Kh7 15. Rd2 exd4 16. Nxd4 Nc5 17. a3 Nfd7 18. f4 Nf6 19. Bf2 1/2-1/2

[Event "NATO-ch 29th"]
[Site "Lubbock"]
[Date "2018.06.04"]
[Round "1"]
[White "Andersen, Hans Christoph"]
[Black "Dekker, Ard E"]
[Result "1-0"]
[WhiteElo "2213"]
[BlackElo "1955"]
[PlyCount "83"]
[EventDate "2018.06.04"]
[EventType "swiss"]
[EventRounds "7"]
[EventCountry "USA"]
[SourceTitle "EXT 2019"]
[Source "ChessBase"]
[SourceDate "2018.10.10"]
[SourceVersion "1"]
[SourceVersionDate "2018.10.10"]
[SourceQuality "1"]

1. d4 Nf6 2. c4 g6 3. Nc3 d5 4. Nf3 Bg7 5. h4 0-0 6. h5 Nxh5 7. cxd5 c6 8. dxc6 Nxc6 9. d5 Ne5 10. Nxe5 Bxe5 11. e4 e6 12. Bh6 Qf6 13. Qd2 Bf4 14. Bxf4 Qxf4 15. Qxf4 Nxf4 16. g3 Nh5 17. 0-0-0 exd5 18. Nxd5 Be6 19. Bg2 Kg7 20. Kb1 Bxd5 21. Rxd5 f6 22. Bf3 Rf7 23. Bxh5 gxh5 24. Rdxh5 Kg8 25. Rd1 Re8 26. f3 Rg7 27. g4 Re5 28. Rd8+ Kf7 29. Rd7+ Re7 30. Rxe7+ Kxe7 31. Kc2 Kf7 32. Rd5 Kg6 33. Kd3 Re7 34. Ke3 Rc7 35. Kf4 Re7 36. Rd6 Kg7 37. g5 fxg5+ 38. Kxg5 Re5+ 39. Kf4 Rb5 40. b3 b6 41. Rd7+ Kg6 42. Rxa7 1-0

[Event "NATO-ch 27th"]
[Site "Shrivenham"]
[Date "2016.08.26"]
[Round "7"]
[White "Dekker, Ard E"]
[Black "Langer, Herb"]
[Result "1/2-1/2"]
[WhiteElo "1948"]
[BlackElo "1796"]
[PlyCount "27"]
[EventDate "2016.08.22"]
[EventType "swiss"]
[EventRounds "7"]
[EventCountry "ENG"]
[SourceTitle "EXT 2018"]
[Source "ChessBase"]
[SourceDate "2017.10.13"]
[SourceVersion "1"]
[SourceVersionDate "2017.10.13"]
[SourceQuality "1"]

1. d4 e6 2. Nf3 d5 3. Bf4 Nf6 4. e3 c5 5. c3 Nc6 6. Nbd2 cxd4 7. exd4 Bd6 8. Ne5 Qc7 9. Bb5 0-0 10. Bxc6 bxc6 11. 0-0 Nd7 12. Nxd7 Bxd7 13. Bxd6 Qxd6 14. f4 1/2-1/2

[Event "NATO-ch 25th"]
[Site "Quebec"]
[Date "2014.09.11"]
[Round "6"]
[White "Koopmeiners, Karl"]
[Black "Dekker, Ard E"]
[Result "1/2-1/2"]
[WhiteElo "2023"]
[BlackElo "1940"]
[PlyCount "47"]
[EventDate "2014.09.08"]
[EventType "team-swiss"]
[EventRounds "7"]
[EventCountry "CAN"]
[SourceTitle "EXT 2015"]
[Source "ChessBase"]
[SourceDate "2014.11.20"]
[SourceVersion "1"]
[SourceVersionDate "2014.11.20"]
[SourceQuality "1"]
[WhiteTeam "NATO II"]
[BlackTeam "Netherlands"]
[BlackTeamCountry "NED"]

1. d4 Nf6 2. c4 g6 3. Nc3 d5 4. cxd5 Nxd5 5. e4 Nxc3 6. bxc3 Bg7 7. Nf3 c5 8. Bb5+ Nc6 9. 0-0 0-0 10. Bxc6 bxc6 11. Be3 Bg4 12. Rc1 Qa5 13. Qc2 Be6 14. Rfd1 Rfd8 15. Rb1 Rab8 16. h3 Qxa2 17. Qxa2 Bxa2 18. Rxb8 Rxb8 19. Ne5 Rb1 20. Rxb1 Bxb1 21. Nxc6 cxd4 22. Bxd4 Bxd4 23. cxd4 Bxe4 24. Nxa7 1/2-1/2

[Event "NATO-ch 24th"]
[Site "Rynia"]
[Date "2013.08.14"]
[Round "5"]
[White "Dekker, Ard E"]
[Black "Tucker, David Sidney"]
[Result "1/2-1/2"]
[WhiteElo "1908"]
[BlackElo "2069"]
[PlyCount "61"]
[EventDate "2013.08.12"]
[EventType "swiss"]
[EventRounds "7"]
[EventCountry "POL"]
[SourceTitle "CBM 156 Extra"]
[Source "ChessBase"]
[SourceDate "2013.10.22"]
[SourceVersion "1"]
[SourceVersionDate "2013.10.22"]
[SourceQuality "1"]

1. d4 Nf6 2. c4 c5 3. d5 g6 4. Nc3 Bg7 5. e4 d6 6. Be2 0-0 7. h3 e6 8. Nf3 Re8 9. 0-0 Na6 10. a3 Nc7 11. Rb1 b6 12. Bf4 exd5 13. exd5 Bf5 14. Bd3 Ne4 15. Nxe4 Bxe4 16. Be3 Qd7 17. Ng5 Bf5 18. Qc2 Bxd3 19. Qxd3 b5 20. b3 Rab8 21. Ne4 Qf5 22. f3 Qe5 23. Bf2 f5 24. Ng3 Kf8 25. Rfd1 Rb7 26. Nf1 bxc4 27. bxc4 Reb8 28. Rxb7 Rxb7 29. Re1 Qf6 30. Qc2 Qf7 31. Qa4 1/2-1/2

[Event "NATO-ch 23nd"]
[Site "Brest"]
[Date "2012.10.05"]
[Round "7"]
[White "Dekker, Ard E"]
[Black "Geerts, Luc"]
[Result "1/2-1/2"]
[WhiteElo "1866"]
[BlackElo "1596"]
[PlyCount "44"]
[EventDate "2012.10.01"]
[EventType "swiss"]
[EventRounds "7"]
[EventCountry "FRA"]
[SourceTitle "CBM 150 Extra"]
[Source "ChessBase"]
[SourceDate "2012.10.19"]
[SourceVersion "1"]
[SourceVersionDate "2012.10.19"]
[SourceQuality "1"]

1. d4 d5 2. c4 c6 3. Nf3 Nf6 4. Nc3 g6 5. Bg5 e6 6. e3 Bg7 7. Bd3 Nbd7 8. Qc2 0-0 9. 0-0 Re8 10. a4 Qc7 11. cxd5 Nxd5 12. Nxd5 exd5 13. b4 Qd6 14. Rab1 Nf6 15. Bf4 Qe6 16. h3 Bd7 17. Rfc1 Rec8 18. Rb2 Bf8 19. Qb3 Bd6 20. Bxd6 Qxd6 21. Ne5 Be8 22. Rbc2 Nd7 1/2-1/2

[Event "NATO-ch 23nd"]
[Site "Brest"]
[Date "2012.10.02"]
[Round "3"]
[White "Dekker, Ard E"]
[Black "Ulusoy, Mustafa"]
[Result "1/2-1/2"]
[WhiteElo "1866"]
[BlackElo "1707"]
[PlyCount "41"]
[EventDate "2012.10.01"]
[EventType "swiss"]
[EventRounds "7"]
[EventCountry "FRA"]
[SourceTitle "CBM 150 Extra"]
[Source "ChessBase"]
[SourceDate "2012.10.19"]
[SourceVersion "1"]
[SourceVersionDate "2012.10.19"]
[SourceQuality "1"]

1. b3 d5 2. Bb2 c6 3. e3 Bf5 4. f4 h6 5. Nf3 e6 6. Be2 Nd7 7. 0-0 Ngf6 8. Nc3 Be7 9. a4 a5 10. Rc1 0-0 11. Qe1 Ne8 12. d4 Nef6 13. Nd1 Ne4 14. Nf2 Nxf2 15. Rxf2 Nf6 16. Rf1 Ng4 17. Qd2 c5 18. Bd3 Bxd3 19. Qxd3 cxd4 20. Bxd4 Rc8 21. Rce1 1/2-1/2

[Event "NATO-ch 20th"]
[Site "Hammelburg"]
[Date "2009.06.18"]
[Round "6"]
[White "Dekker, Ard E"]
[Black "Hunter, Terry"]
[Result "1/2-1/2"]
[WhiteElo "1880"]
[BlackElo "1692"]
[PlyCount "24"]
[EventDate "2009.06.15"]
[EventType "swiss"]
[EventRounds "7"]
[EventCountry "GER"]
[SourceTitle "CBM 130 Extra"]
[Source "ChessBase"]
[SourceDate "2009.07.02"]
[SourceVersion "2"]
[SourceVersionDate "2009.07.15"]
[SourceQuality "1"]

1. b3 d5 2. Bb2 Bf5 3. e3 Nf6 4. Nf3 Nbd7 5. Be2 e6 6. 0-0 c6 7. d4 Qc7 8. c4 dxc4 9. Bxc4 Bd6 10. Nbd2 Rg8 11. Re1 Ne4 12. Nxe4 Bxe4 1/2-1/2

[Event "NATO-ch 19th"]
[Site "Brussels"]
[Date "2008.08.07"]
[Round "5"]
[White "Ruin, Gilles"]
[Black "Dekker, Ard E"]
[Result "1-0"]
[WhiteElo "1990"]
[BlackElo "1888"]
[PlyCount "51"]
[EventDate "2008.08.04"]
[EventType "swiss"]
[EventRounds "7"]
[EventCountry "BEL"]
[SourceTitle "EXT 2015"]
[Source "ChessBase"]
[SourceDate "2014.11.20"]
[SourceVersion "1"]
[SourceVersionDate "2014.11.20"]
[SourceQuality "1"]

1. Nf3 Nf6 2. g3 d5 3. Bg2 e6 4. 0-0 Be7 5. d3 0-0 6. Nbd2 c5 7. e4 Nc6 8. e5 Nd7 9. Re1 Qc7 10. Qe2 b6 11. Nf1 Ba6 12. Bf4 Rae8 13. h4 Bc8 14. N1h2 Qd8 15. Ng5 Nd4 16. Qh5 h6 17. Ng4 hxg5 18. hxg5 g6 19. Qh4 Nf5 20. Nh6+ Kg7 21. Nxf5+ gxf5 22. Qh6+ Kg8 23. Bf3 Bxg5 24. Bxg5 f6 25. Qg6+ Kh8 26. Kg2 1-0

[Event "NATO-ch 13th"]
[Site "Brest"]
[Date "2002.10.??"]
[Round "1.24"]
[White "Baudin, Frederic"]
[Black "Dekker, Ard E"]
[Result "1-0"]
[WhiteElo "2133"]
[BlackElo "1867"]
[PlyCount "87"]
[EventDate "2002.10.07"]
[EventType "swiss"]
[EventRounds "7"]
[EventCountry "FRA"]
[SourceTitle "EXT 2003"]
[Source "ChessBase"]
[SourceDate "2002.11.25"]
[SourceVersion "1"]
[SourceVersionDate "2002.11.25"]
[SourceQuality "1"]

1. d4 Nf6 2. Nc3 d5 3. e4 Nxe4 4. Nxe4 dxe4 5. Bc4 g6 6. Be3 Bg7 7. c3 0-0 8. f3 e6 9. Qc2 exf3 10. Nxf3 Nc6 11. 0-0-0 Ne7 12. Kb1 c6 13. g4 b5 14. Bd3 Nd5 15. Bc1 Rb8 16. Qe2 Qd6 17. Bc2 a5 18. h4 Re8 19. h5 e5 20. hxg6 hxg6 21. Nxe5 Bxe5 22. dxe5 Qxe5 23. Qf3 Be6 24. Qh3 Qg7 25. Qg3 Rbc8 26. Bh6 Qf6 27. Rdf1 Qh8 28. Be3 Qg7 29. Bd4 f6 30. g5 Rf8 31. gxf6 Nxf6 32. Rhg1 Nh5 33. Rxf8+ Rxf8 34. Qg5 Qf7 35. Bxg6 Qf1+ 36. Rxf1 Rxf1+ 37. Kc2 Ng7 38. Bd3 Rf7 39. Qd8+ Rf8 40. Qe7 Rf7 41. Qh4 Bf5 42. Bxf5 Rxf5 43. Qd8+ Rf8 44. Qd7 1-0

[Event "NATO-ch 13th"]
[Site "Brest"]
[Date "2002.10.??"]
[Round "4.32"]
[White "Dekker, Ard E"]
[Black "Berrak, Sedat"]
[Result "1/2-1/2"]
[WhiteElo "1867"]
[BlackElo "1991"]
[PlyCount "89"]
[EventDate "2002.10.07"]
[EventType "swiss"]
[EventRounds "7"]
[EventCountry "FRA"]
[SourceTitle "EXT 2003"]
[Source "ChessBase"]
[SourceDate "2002.11.25"]
[SourceVersion "1"]
[SourceVersionDate "2002.11.25"]
[SourceQuality "1"]

1. b3 c5 2. Bb2 Nc6 3. f4 d5 4. Nf3 Nf6 5. e3 a6 6. Be2 e6 7. 0-0 Be7 8. Ne5 Qc7 9. d3 b5 10. Nd2 Bb7 11. Ndf3 0-0 12. Nxc6 Bxc6 13. Ne5 Nd7 14. Nxc6 Qxc6 15. c4 Rad8 16. Qc2 Bf6 17. Bxf6 Nxf6 18. cxb5 axb5 19. a4 b4 20. Rfc1 Rc8 21. d4 Ne4 22. Bd3 Nc3 23. Bxh7+ Kh8 24. Bd3 cxd4 25. exd4 g6 26. Re1 Kg7 27. Qf2 Rh8 28. Qe3 Qd6 29. g3 Rh3 30. Rac1 Re8 31. Qe5+ Qxe5 32. Rxe5 f5 33. Ree1 Kf7 34. Rc2 Ke7 35. Rec1 Rc8 36. Bf1 Rh7 37. h4 Kd6 38. Bd3 Rhc7 39. Kf2 Rc6 40. Kf3 Rh8 41. Ke3 Rhc8 42. Kd2 R6c7 43. Ke3 Kc6 44. Kf3 Kb6 45. Ke3 1/2-1/2